000 00260nam a2200121Ia 4500
005 20251222140028.0
008 251222s1900||||xx |||||||||||||| ||spa||
082 _a185/A72C
100 _aAristóteles
245 0 _aCategorias
264 _bAguilar
942 _cLIB
999 _c2850
_d2850